000 00432nab a2200145Ia 4500
003 ES-SlBCS
005 20210813204012.0
008 140529s1959 xxu||||| |||| 00| 0 ita d
041 _aita
100 1 _aArmetta, Franco
_9199625
245 0 0 _aL'irrazionalismo di Leone Sestov
_c Franco Armetta
600 1 0 _aSestov, Leone
_9199626
773 0 _tGiornali di Metafisica
_gvol. 14, nº. 3, 1959, págs. 342-359
_w0017-0372
942 _cAR
999 _c586847
_d586847